Countries Closest to Tunisia - 30 Second Sprint - Statistics

General Stats
  • This quiz has been taken 71 times
  • The average score is 8 of 20
Answer Stats
km country miles % Correct
0 Algeria 0
98%
0 Libya 0
91%
498 Spain 310
83%
71 Italy 44
80%
807 Morocco 501
80%
288 Malta 179
72%
450 France 280
61%
787 Greece 489
44%
700 Monaco 435
33%
554 Vatican City 345
33%
786 Niger 488
31%
702 San Marino 436
31%
805 Albania 500
17%
856 Andorra 532
13%
871 Croatia 541
7%
921 Switzerland 572
7%
870 Bosnia and Herzegovina 541
4%
874 Montenegro 543
2%
937 North Macedonia 582
2%
957 Slovenia 595
2%
No matching quizzes found
Score Distribution
Percent of People with Each Score
Percentile by Number Answered
Your Score History
You have not taken this quiz